Oneskorený budíček Slovenska

Výdavky na informačné technológie (IT) na 1 obyvateľa v SR v roku 2003 v porovnaní s krajinami strednej Európy. Zaostávanie SR za európskou pätnástkou. Hlavné priority vlády v oblasti informatizácie Slovenska. Nevyhnutnosť informatizácie vzdelávania a budovanie znalostnej ekonomiky. Informatizácia a...

Full description

Saved in:
Bibliographic Details
Format: Book Chapter
Language:Slovak
Subjects:
Tags: Add Tag
No Tags, Be the first to tag this record!

MARC

LEADER 00000naa$a2200000$$$4500
001 0021642
005 20230926070720.7
041 0 |a slo 
044 |a SK 
245 1 0 |a Oneskorený budíček Slovenska 
520 |a Výdavky na informačné technológie (IT) na 1 obyvateľa v SR v roku 2003 v porovnaní s krajinami strednej Európy. Zaostávanie SR za európskou pätnástkou. Hlavné priority vlády v oblasti informatizácie Slovenska. Nevyhnutnosť informatizácie vzdelávania a budovanie znalostnej ekonomiky. Informatizácia a jej vplyv na podnikateľské prostredie. Prínos IT pre ekonomiku. 
610 2 0 |a technológie informačné 
610 2 0 |a technológie komunikačné 
610 2 0 |a spoločnosť informačná 
610 2 0 |a krajiny vyspelé 
610 2 0 |a investície 
610 2 0 |a vzdelávanie 
610 2 0 |a prostredie podnikateľské 
610 2 0 |a investori 
610 2 0 |a kapitál ľudský 
610 2 0 |a Slovensko